[Event "GER-chT Betriebe 15th"]
[Site "Munich"]
[Date "2015.10.23"]
[Round "4.4"]
[White "Ortinau, Peter"]
[Black "Daurer, Walter"]
[Result "1-0"]
[WhiteElo "2070"]
[BlackElo "2007"]
[PlyCount "51"]
[EventDate "2015.10.22"]
[EventType "team-swiss"]
[EventRounds "7"]
[EventCountry "GER"]
[SourceTitle "EXT 2020"]
[Source "ChessBase"]
[SourceDate "2019.10.17"]
[SourceVersion "1"]
[SourceVersionDate "2019.10.17"]
[SourceQuality "1"]
[WhiteTeam "DekaBank DGZ"]
[BlackTeam "Muenchen Bayerische Landesb"]
[WhiteTeamCountry "GER"]
[BlackTeamCountry "GER"]

1. d4 Nf6 2. c4 g6 3. Nc3 Bg7 4. e4 d6 5. f3 c6 6. Be3 a6 7. a4 a5 8. Qd2 Nbd7 9. Bd3 e5 10. d5 cxd5 11. cxd5 0-0 12. Nb5 Ne8 13. Ne2 b6 14. 0-0 Nc5 15. Bc4 f5 16. Nec3 Nf6 17. Na3 fxe4 18. Bxc5 bxc5 19. Nxe4 Bf5 20. Rae1 Bxe4 21. fxe4 Ng4 22. Rxf8+ Bxf8 23. Qe2 Qh4 24. h3 Nf6 25. Nb5 Rd8 26. Nc7 1-0

[Event "Landesliga Sued 0910"]
[Site "Bayern"]
[Date "2010.04.11"]
[Round "9.7"]
[White "Hahn, Christoph"]
[Black "Daurer, Walter"]
[Result "1-0"]
[WhiteElo "2113"]
[BlackElo "1989"]
[PlyCount "93"]
[EventDate "2009.10.18"]
[EventType "team-tourn"]
[EventRounds "9"]
[EventCountry "GER"]
[SourceTitle "EXT 2011"]
[Source "ChessBase"]
[SourceDate "2010.11.26"]
[SourceVersion "1"]
[SourceVersionDate "2010.11.26"]
[SourceQuality "1"]
[WhiteTeam "Kriegshaber"]
[BlackTeam "Muenchen Tarrasch II"]
[WhiteTeamCountry "GER"]
[BlackTeamCountry "GER"]

1. d4 Nf6 2. Nf3 g6 3. Nc3 d5 4. Bf4 Bg7 5. e3 0-0 6. Be2 c5 7. Ne5 cxd4 8. exd4 e6 9. h4 Nbd7 10. h5 Nxe5 11. Bxe5 a6 12. hxg6 fxg6 13. Qd3 Qe7 14. 0-0-0 b5 15. Bf3 Bb7 16. Qe3 Rac8 17. Rde1 Qd7 18. Bxf6 Rxf6 19. Bg4 Rc6 20. Kb1 Qf7 21. Rhf1 Bc8 22. f4 Qc7 23. Rf2 Qb6 24. Rd2 Rc4 25. Be2 Rc7 26. g3 Rf8 27. Bg4 Rf6 28. Rh1 Rcf7 29. Nxd5 exd5 30. Bxc8 Bf8 31. Bg4 Re7 32. Qb3 Rd6 33. Bf3 Kg7 34. Rdh2 Kh8 35. c3 Qc6 36. Qc2 Rde6 37. Qd2 Re3 38. Rxh7+ Kg8 39. Rxe7 Rxe7 40. Qg2 Rd7 41. g4 b4 42. cxb4 Qc4 43. Qe2 Qc6 44. f5 Re7 45. Qg2 Rd7 46. Qh2 Qf6 47. Bxd5+ 1-0

[Event "Regionalliga SW 0809"]
[Site "Bayern"]
[Date "2008.12.14"]
[Round "4.8"]
[White "Schoenau, Helmut"]
[Black "Daurer, Walter"]
[Result "0-1"]
[WhiteElo "1969"]
[BlackElo "1920"]
[PlyCount "68"]
[EventDate "2008.10.05"]
[EventType "team-tourn"]
[EventRounds "9"]
[EventCountry "GER"]
[SourceTitle "EXT 2020"]
[Source "ChessBase"]
[SourceDate "2019.10.17"]
[SourceVersion "1"]
[SourceVersionDate "2019.10.17"]
[SourceQuality "1"]
[WhiteTeam "Kriegshaber"]
[BlackTeam "Muenchen Tarrasch II"]
[WhiteTeamCountry "GER"]
[BlackTeamCountry "GER"]

1. c4 Nf6 2. Nc3 g6 3. g3 Bg7 4. Bg2 0-0 5. e4 d6 6. Nge2 e5 7. 0-0 Nc6 8. b3 Be6 9. Bb2 Qd7 10. d4 exd4 11. Nxd4 Nxd4 12. Qxd4 Nd5 13. Qd2 Nxc3 14. Bxc3 Bxc3 15. Qxc3 Bh3 16. Rad1 Bxg2 17. Kxg2 Rae8 18. Rfe1 Qc6 19. Qd4 Re5 20. f4 Re6 21. Qd5 Rfe8 22. Kf3 Qa6 23. Re2 Qb6 24. h4 h5 25. Rde1 Kg7 26. e5 c6 27. Qd2 dxe5 28. fxe5 Qc5 29. Qg5 b5 30. g4 hxg4+ 31. Kxg4 bxc4 32. h5 cxb3 33. h6+ Kh7 34. axb3 f5+ 0-1

[Event "Munich OIS op"]
[Site "Munich"]
[Date "2008.10.16"]
[Round "6"]
[White "Reis, Thomas"]
[Black "Daurer, Walter"]
[Result "1/2-1/2"]
[WhiteElo "2228"]
[BlackElo "2083"]
[PlyCount "76"]
[EventDate "2008.10.11"]
[EventType "swiss"]
[EventRounds "9"]
[EventCountry "GER"]
[SourceTitle "CBM 126 Extra"]
[Source "ChessBase"]
[SourceDate "2008.11.05"]
[SourceVersion "1"]
[SourceVersionDate "2008.11.05"]
[SourceQuality "1"]

1. g3 c5 2. Bg2 Nc6 3. c4 g6 4. Nc3 Bg7 5. a3 h5 6. Nf3 d6 7. Rb1 Bf5 8. d3 Qd7 9. h4 Bg4 10. Nd5 Nd4 11. Nxd4 cxd4 12. Qb3 Rb8 13. e4 e5 14. Bg5 f6 15. Bd2 Be6 16. a4 Ne7 17. Bb4 Rc8 18. Qa3 Rd8 19. Rc1 b6 20. a5 Nc8 21. axb6 axb6 22. Qa6 Qc6 23. Qb5 Kd7 24. Bh3 f5 25. Qxc6+ Kxc6 26. Ra1 Kb7 27. Ke2 Rde8 28. Bg2 Bxd5 29. cxd5 Bh6 30. Ra3 Re7 31. Bd2 Rc7 32. Kd1 Bxd2 33. Kxd2 Na7 34. Rc1 Rxc1 35. Kxc1 Rf8 36. Kd1 fxe4 37. Bxe4 Rxf2 38. Bxg6 Rxb2 1/2-1/2

[Event "Oberliga Bayern 0506"]
[Site "Bayern"]
[Date "2005.12.11"]
[Round "4.8"]
[White "Braun, Christian"]
[Black "Daurer, Walter"]
[Result "1-0"]
[WhiteElo "2180"]
[BlackElo "2009"]
[PlyCount "101"]
[EventDate "2005.10.23"]
[EventType "team-tourn"]
[EventRounds "9"]
[EventCountry "GER"]
[SourceTitle "EXT 2007"]
[Source "ChessBase"]
[SourceDate "2006.11.23"]
[SourceVersion "1"]
[SourceVersionDate "2006.11.23"]
[SourceQuality "1"]
[WhiteTeam "Wuerzburg"]
[BlackTeam "Muenchen Tarrasch"]
[WhiteTeamCountry "GER"]
[BlackTeamCountry "GER"]

1. d4 Nf6 2. c4 g6 3. Nc3 Bg7 4. e4 0-0 5. Bd3 c6 6. e5 Ne8 7. Nf3 d6 8. 0-0 Bg4 9. Re1 Nd7 10. exd6 Nxd6 11. Be3 e5 12. d5 cxd5 13. cxd5 e4 14. Nxe4 Nxe4 15. Bxe4 Bxb2 16. Rb1 Bc3 17. d6 b6 18. Bh6 Re8 19. Re3 Rc8 20. Rc1 Bf6 21. Rxc8 Qxc8 22. Bb7 Qd8 23. Qe1 Rxe3 24. Qxe3 Be6 25. Nd4 Nc5 26. Nxe6 fxe6 27. Bf3 Qxd6 28. Bg4 Kf7 29. h3 a5 30. Qf3 Qd5 31. Qe2 Nd7 32. Bf3 Qd6 33. Qa6 Qc7 34. Qa8 Qb8 35. Qc6 Ne5 36. Qe4 Nxf3+ 37. Qxf3 Ke7 38. Qa3+ Kf7 39. Qa4 Qd6 40. Be3 Bd8 41. g3 Qd5 42. Qf4+ Ke8 43. a4 e5 44. Qg4 Kf7 45. Kh2 b5 46. axb5 Qxb5 47. Qf3+ Kg7 48. Bh6+ Kxh6 49. Qf8+ Kh5 50. g4+ Kg5 51. Kg3 1-0

[Event "Oberliga Bayern 0506"]
[Site "Bayern"]
[Date "2005.11.13"]
[Round "2.8"]
[White "Oleneva, Svetlana"]
[Black "Daurer, Walter"]
[Result "0-1"]
[WhiteElo "2166"]
[BlackElo "2009"]
[PlyCount "72"]
[EventDate "2005.10.23"]
[EventType "team-tourn"]
[EventRounds "9"]
[EventCountry "GER"]
[SourceTitle "EXT 2007"]
[Source "ChessBase"]
[SourceDate "2006.11.23"]
[SourceVersion "1"]
[SourceVersionDate "2006.11.23"]
[SourceQuality "1"]
[WhiteTeam "Bad Koenigshofen"]
[BlackTeam "Muenchen Tarrasch"]
[WhiteTeamCountry "GER"]
[BlackTeamCountry "GER"]

1. d4 Nf6 2. Nf3 g6 3. Bf4 Bg7 4. Nbd2 d5 5. e3 0-0 6. Bd3 c5 7. c3 Qb6 8. Rb1 Nc6 9. h3 Re8 10. Ne5 Nxe5 11. Bxe5 Bd7 12. 0-0 Rac8 13. f4 Bb5 14. Qe2 Bxd3 15. Qxd3 c4 16. Qe2 Qc6 17. Rf2 b5 18. g4 Rf8 19. Rbf1 Ne8 20. Bxg7 Kxg7 21. f5 Nd6 22. Qd1 gxf5 23. gxf5 Kh8 24. Qh5 Rg8+ 25. Kh1 f6 26. Rf4 Rg5 27. Qh6 Nf7 28. Qh4 Rcg8 29. Rg4 Qd7 30. Nf3 R5g7 31. Nh2 Nd6 32. Qf2 Ne4 33. Qf4 Ng3+ 34. Rxg3 Rxg3 35. Ng4 Rxh3+ 36. Kg2 Rh4 0-1

[Event "Munich-ch"]
[Site "Munich"]
[Date "2005.02.20"]
[Round "6"]
[White "Daurer, Walter"]
[Black "Unzicker, Ferdinand"]
[Result "0-1"]
[WhiteElo "2302"]
[BlackElo "2302"]
[PlyCount "84"]
[EventDate "2005.01.21"]
[EventType "tourn"]
[EventRounds "11"]
[EventCountry "GER"]
[SourceTitle "EXT 2007"]
[Source "ChessBase"]
[SourceDate "2006.11.23"]
[SourceVersion "1"]
[SourceVersionDate "2006.11.23"]
[SourceQuality "1"]

1. e4 e6 2. d4 d5 3. Nc3 Bb4 4. exd5 exd5 5. Bd3 Nc6 6. Nge2 Nge7 7. 0-0 0-0 8. Bf4 Be6 9. Nb5 Rc8 10. c3 Ba5 11. b4 Bb6 12. Na3 Ng6 13. Nc2 Nce7 14. Ne3 Qd7 15. Bg3 f5 16. f4 Kh8 17. Kh1 Ng8 18. Qc2 c6 19. Ng1 Bc7 20. h4 Nf6 21. Nh3 Ne4 22. Be1 h6 23. g3 Bd6 24. c4 dxc4 25. Nxc4 Bxc4 26. Qxc4 Ne7 27. Kg2 Nd5 28. Rf3 Qe7 29. a3 Qf6 30. Bc2 b5 31. Qd3 Bc7 32. Rd1 Rfe8 33. Ng1 Nd6 34. Bb3 Re4 35. Bf2 Bb6 36. Ne2 a6 37. Bxd5 cxd5 38. Nc3 Qf7 39. Re3 Rxd4 40. Re8+ Qxe8 41. Bxd4 Bxd4 42. Nxd5 Rc4 0-1

[Event "Munich-ch"]
[Site "Munich"]
[Date "2005.01.23"]
[Round "3"]
[White "Lentrodt, Thomas"]
[Black "Daurer, Walter"]
[Result "1-0"]
[WhiteElo "2292"]
[BlackElo "2302"]
[PlyCount "121"]
[EventDate "2005.01.21"]
[EventType "tourn"]
[EventRounds "11"]
[EventCountry "GER"]
[SourceTitle "EXT 2007"]
[Source "ChessBase"]
[SourceDate "2006.11.23"]
[SourceVersion "1"]
[SourceVersionDate "2006.11.23"]
[SourceQuality "1"]

1. e4 c5 2. Nf3 Nc6 3. Bb5 g6 4. Bxc6 dxc6 5. d3 Bg7 6. 0-0 Nf6 7. a4 Nd7 8. Nbd2 e5 9. Nc4 Qe7 10. a5 Nf8 11. Be3 Bg4 12. h3 Bxf3 13. Qxf3 Ne6 14. c3 Rd8 15. Rfd1 0-0 16. Rab1 f5 17. exf5 gxf5 18. b4 cxb4 19. cxb4 a6 20. Bc5 Nxc5 21. bxc5 e4 22. dxe4 Qxc5 23. Qb3 Kh8 24. Rxd8 Rxd8 25. exf5 Bd4 26. Ne3 Qe5 27. Qxb7 Qe4 28. Rd1 Rg8 29. Qf7 c5 30. Qe6 Qh4 31. f6 Bxf6 32. Qxa6 Bd4 33. Qe6 Qf4 34. Ng4 Qg5 35. a6 Rg6 36. Qe8+ Rg8 37. Qe6 Rg6 38. Qe4 Rxa6 39. Qe8+ Qg8 40. Qh5 Re6 41. Rb1 Qe8 42. Qxe8+ Rxe8 43. Kf1 h5 44. Nh2 c4 45. Nf3 Bf6 46. Rb5 Rc8 47. Rxh5+ Kg7 48. Ne1 c3 49. Nc2 Rd8 50. Ke1 Rd2 51. Ne3 Bd4 52. g4 Kg6 53. Ra5 Rb2 54. Ra6+ Kg5 55. Rc6 Ra2 56. Rc4 Rd2 57. h4+ Kf6 58. Nd5+ Ke5 59. Nxc3 Rc2 60. f4+ Kxf4 61. Rxd4+ 1-0

[Event "Munich-ch"]
[Site "Munich"]
[Date "2005.01.21"]
[Round "1"]
[White "Miskevicer, Boris"]
[Black "Daurer, Walter"]
[Result "1-0"]
[WhiteElo "2242"]
[BlackElo "2302"]
[PlyCount "61"]
[EventDate "2005.01.21"]
[EventType "tourn"]
[EventRounds "11"]
[EventCountry "GER"]
[SourceTitle "EXT 2007"]
[Source "ChessBase"]
[SourceDate "2006.11.23"]
[SourceVersion "1"]
[SourceVersionDate "2006.11.23"]
[SourceQuality "1"]

1. c4 Nf6 2. d4 g6 3. Nc3 Bg7 4. e4 0-0 5. Be3 c6 6. e5 Ne8 7. f4 d6 8. Nf3 Bg4 9. h3 Bxf3 10. Qxf3 Nd7 11. 0-0-0 Qa5 12. Kb1 Nc7 13. h4 Rfd8 14. h5 c5 15. hxg6 hxg6 16. Bd2 Qb6 17. exd6 Qxd6 18. d5 Nf6 19. g4 e6 20. g5 Nh5 21. Rxh5 gxh5 22. Ne4 Qb6 23. Nf6+ Kf8 24. Bc3 Ne8 25. f5 exf5 26. Qxf5 Bxf6 27. gxf6 Rd6 28. Qxh5 Rxf6 29. Qh8+ Ke7 30. Re1+ Kd6 31. Bh3 1-0

[Event "Oberliga Bayern 0304"]
[Site "Bayern"]
[Date "2003.11.02"]
[Round "2.8"]
[White "Daurer, Walter"]
[Black "Just, Hannes"]
[Result "1/2-1/2"]
[WhiteElo "2013"]
[BlackElo "1963"]
[PlyCount "81"]
[EventDate "2003.10.12"]
[EventType "team-tourn"]
[EventRounds "9"]
[EventCountry "GER"]
[SourceTitle "EXT 2006"]
[Source "ChessBase"]
[SourceDate "2005.11.24"]
[SourceVersion "1"]
[SourceVersionDate "2005.11.24"]
[SourceQuality "1"]
[WhiteTeam "Muenchen Tarrasch"]
[BlackTeam "Nuernberg NT"]
[WhiteTeamCountry "GER"]
[BlackTeamCountry "GER"]

1. e4 d6 2. d4 Nf6 3. Nc3 g6 4. Bg5 h6 5. Bf4 Bg7 6. f3 Nbd7 7. Nge2 c6 8. Qd2 b5 9. g4 Nb6 10. Ng3 Bb7 11. h4 Qc7 12. h5 g5 13. Be3 e6 14. Bd3 a6 15. Nce2 0-0-0 16. 0-0 d5 17. e5 Nfd7 18. f4 gxf4 19. Bxf4 c5 20. c3 Nc4 21. Qc1 Qb6 22. Kh2 f6 23. exf6 Nxf6 24. Kh3 Rhg8 25. Bg6 e5 26. dxe5 Nd7 27. Nf5 Bf8 28. Bf7 Rxg4 29. Kxg4 Ndxe5+ 30. Kh3 Nxf7 31. b3 Qe6 32. Neg3 Ncd6 33. Qe3 Ne4 34. Kh2 Ne5 35. Bxe5 Qxe5 36. Rac1 Qe8 37. Qf4 Nxg3 38. Nxg3 Bd6 39. Qf5+ Kb8 40. Rce1 Qc6 41. Qf3 1/2-1/2

[Event "Munich op 23rd"]
[Site "Munich"]
[Date "2003.09.28"]
[Round "2"]
[White "Reich, Thomas"]
[Black "Daurer, Walter"]
[Result "1-0"]
[WhiteElo "2375"]
[BlackElo "2147"]
[PlyCount "113"]
[EventDate "2003.09.27"]
[EventType "swiss"]
[EventRounds "9"]
[EventCountry "GER"]
[SourceTitle "EXT 2004"]
[Source "ChessBase"]
[SourceDate "2003.11.25"]
[SourceVersion "1"]
[SourceVersionDate "2003.11.25"]
[SourceQuality "1"]

1. d4 Nf6 2. c4 g6 3. Nc3 Bg7 4. e4 0-0 5. g3 d6 6. Bg2 e5 7. d5 Nbd7 8. Nge2 Nc5 9. b4 Ncd7 10. Bd2 c6 11. 0-0 cxd5 12. cxd5 Nb6 13. Qb3 Bd7 14. a4 Rc8 15. Nb5 Nc4 16. Bg5 a6 17. Na7 Rc7 18. Rfc1 b5 19. Nc6 Bxc6 20. dxc6 Rxc6 21. axb5 axb5 22. Nc3 Qb8 23. Bf1 Rfc8 24. Nxb5 Nxe4 25. Na7 Ncd2 26. Bxd2 Nxd2 27. Rxc6 Nxb3 28. Rxc8+ Qxc8 29. Nxc8 Nxa1 30. b5 Nb3 31. b6 Nc5 32. Nxd6 Bf8 33. Nc4 f6 34. Bg2 Kf7 35. Bd5+ Ke8 36. Bg8 h6 37. h4 Kd7 38. Bf7 g5 39. Bd5 Be7 40. h5 Bd8 41. Kg2 Na4 42. b7 Kc7 43. Ne3 Nc3 44. Bc6 Ne2 45. Nf5 Nd4 46. Nxd4 exd4 47. g4 Be7 48. Kf3 Bd6 49. Bd5 Kb6 50. Ke4 Kc5 51. Ba2 Be5 52. Kf5 d3 53. Bb3 Kd4 54. Kg6 Kc3 55. Ba4 Kd2 56. Kxh6 Ke2 57. Kg6 1-0

[Event "Munich-ch VM1"]
[Site "Munich"]
[Date "2003.02.16"]
[Round "9"]
[White "Wuerdinger, Alexander"]
[Black "Daurer, Walter"]
[Result "1/2-1/2"]
[WhiteElo "2075"]
[BlackElo "2024"]
[PlyCount "113"]
[EventDate "2003.01.17"]
[EventType "tourn"]
[EventRounds "9"]
[EventCountry "GER"]
[SourceTitle "EXT 2006"]
[Source "ChessBase"]
[SourceDate "2005.11.24"]
[SourceVersion "1"]
[SourceVersionDate "2005.11.24"]
[SourceQuality "1"]

1. d4 Nf6 2. c4 g6 3. Nc3 Bg7 4. e4 0-0 5. f3 Nc6 6. d5 Nb4 7. a3 Na6 8. Be3 d6 9. Rc1 c6 10. b4 Nc7 11. Qd2 e6 12. dxc6 bxc6 13. Nge2 Bb7 14. Ng3 Re8 15. Be2 e5 16. 0-0 d5 17. cxd5 cxd5 18. exd5 Nfxd5 19. Nxd5 Nxd5 20. Bf2 Qe7 21. Ne4 Red8 22. Rfd1 Nf4 23. Qa2 Bh6 24. Bc4 Bxe4 25. fxe4 Nd3 26. Rb1 Nxf2 27. Qxf2 Rxd1+ 28. Rxd1 Qc7 29. Bd5 Rf8 30. Rf1 Bg5 31. Kh1 Bd8 32. g3 Qd7 33. Kg2 Kg7 34. Qc5 Bb6 35. Qc6 Qxc6 36. Bxc6 Rd8 37. Bd5 f5 38. a4 Bd4 39. Rc1 Rd7 40. Be6 Re7 41. exf5 gxf5 42. Bxf5 Rb7 43. b5 Bb6 44. Kf3 Rb8 45. Rc8 Rb7 46. Ke4 Bg1 47. h3 Bf2 48. g4 Bd4 49. Kd5 Re7 50. Kd6 Rf7 51. h4 Rb7 52. Be4 Rf7 53. Bd5 Rf4 54. g5 Kg6 55. Rg8+ Kh5 56. a5 e4 57. Re8 1/2-1/2

[Event "Munich-ch VM1"]
[Site "Munich"]
[Date "2003.01.19"]
[Round "3"]
[White "Trnovec, Mihaly"]
[Black "Daurer, Walter"]
[Result "1/2-1/2"]
[WhiteElo "1990"]
[BlackElo "2024"]
[PlyCount "49"]
[EventDate "2003.01.17"]
[EventType "tourn"]
[EventRounds "9"]
[EventCountry "GER"]
[SourceTitle "EXT 2006"]
[Source "ChessBase"]
[SourceDate "2005.11.24"]
[SourceVersion "1"]
[SourceVersionDate "2005.11.24"]
[SourceQuality "1"]

1. e4 c5 2. Nc3 Nc6 3. g3 g6 4. Bg2 Bg7 5. d3 e6 6. Nh3 Nge7 7. f4 0-0 8. 0-0 d5 9. e5 h5 10. Bf3 Nd4 11. Bg2 Nef5 12. Ne2 f6 13. c3 Nc6 14. exf6 Bxf6 15. Kh1 b5 16. Bd2 e5 17. a3 Rb8 18. Ng5 Qd6 19. g4 hxg4 20. Ng3 Nh6 21. Qe2 Bd7 22. Rf2 Rbe8 23. Raf1 Ne7 24. Qd1 Nef5 25. Nxf5 1/2-1/2

[Event "Bayern-chI Bank Hofmann 6th"]
[Site "Bad Wiessee"]
[Date "2002.10.30"]
[Round "5"]
[White "Daurer, Walter"]
[Black "Salvermoser, Bernd"]
[Result "0-1"]
[WhiteElo "2178"]
[BlackElo "2306"]
[PlyCount "98"]
[EventDate "2002.10.26"]
[EventType "swiss"]
[EventRounds "9"]
[EventCountry "GER"]
[SourceTitle "EXT 2003"]
[Source "ChessBase"]
[SourceDate "2002.11.25"]
[SourceVersion "1"]
[SourceVersionDate "2002.11.25"]
[SourceQuality "1"]

1. e4 c6 2. d4 d5 3. Nd2 dxe4 4. Nxe4 Nf6 5. Nxf6+ gxf6 6. c3 Bf5 7. Bc4 e6 8. Ne2 Nd7 9. Ng3 Bg6 10. Bd3 Bd6 11. Ne4 Be7 12. Bh6 f5 13. Nd2 Nf6 14. Nf3 Rg8 15. 0-0 Bh5 16. Be2 Qd5 17. g3 Rg6 18. Bf4 Qe4 19. Be5 f4 20. Re1 fxg3 21. hxg3 0-0-0 22. Ng5 Rxg5 23. Bxh5 Qf5 24. Bf3 h5 25. Bg2 h4 26. Re3 h3 27. Rf3 Qh7 28. Bf1 Rxe5 29. Bd3 Rf5 30. Bxf5 exf5 31. Qd2 Ne4 32. Qf4 Rd5 33. Rd3 Bd6 34. Qf3 Ng5 35. Qe2 f4 36. Re1 Ne6 37. Rf3 fxg3 38. fxg3 Kc7 39. Kh2 Rg5 40. Ref1 Rg7 41. Qf2 Ng5 42. Rf5 Kb8 43. Qe3 Ne6 44. R5f3 b6 45. c4 Qc2+ 46. R1f2 Qxc4 47. Rd2 Qd5 48. b3 Ng5 49. Qe8+ Kc7 0-1

[Event "Bayern-chI Bank Hofmann 6th"]
[Site "Bad Wiessee"]
[Date "2002.10.27"]
[Round "2"]
[White "Daurer, Walter"]
[Black "Naumann, Alexander"]
[Result "0-1"]
[WhiteElo "2178"]
[BlackElo "2513"]
[PlyCount "74"]
[EventDate "2002.10.26"]
[EventType "swiss"]
[EventRounds "9"]
[EventCountry "GER"]
[SourceTitle "EXT 2003"]
[Source "ChessBase"]
[SourceDate "2002.11.25"]
[SourceVersion "1"]
[SourceVersionDate "2002.11.25"]
[SourceQuality "1"]

1. e4 c5 2. Nf3 d6 3. d4 cxd4 4. Nxd4 Nf6 5. Nc3 a6 6. f3 e6 7. Be3 b5 8. Qd2 Nbd7 9. 0-0-0 Bb7 10. Kb1 Rc8 11. g4 Nb6 12. Bd3 Nfd7 13. f4 Nc4 14. Bxc4 Rxc4 15. Rhe1 Be7 16. Bf2 0-0 17. e5 b4 18. Na4 dxe5 19. fxe5 Bd5 20. b3 Rc8 21. Nf5 Bc6 22. Nxe7+ Qxe7 23. Nb2 Bd5 24. Qf4 a5 25. g5 Rc3 26. Nd3 Rfc8 27. Rd2 Nf8 28. Bd4 R3c6 29. h4 Qc7 30. Qf2 Ng6 31. Ree2 Ne7 32. Nf4 a4 33. Nd3 axb3 34. axb3 Bxb3 35. Bb2 Bc4 36. Re1 Nd5 37. Qd4 Nc3+ 0-1

[Event "Regionalliga SW 0001"]
[Site "Bayern"]
[Date "2001.04.29"]
[Round "9"]
[White "Hosseini, Manouchehr"]
[Black "Daurer, Walter"]
[Result "1/2-1/2"]
[WhiteElo "1980"]
[BlackElo "2155"]
[PlyCount "83"]
[EventDate "2000.10.15"]
[EventType "team-tourn"]
[EventRounds "9"]
[EventCountry "GER"]
[SourceTitle "EXT 2020"]
[Source "ChessBase"]
[SourceDate "2019.10.17"]
[SourceVersion "1"]
[SourceVersionDate "2019.10.17"]
[SourceQuality "1"]
[WhiteTeam "Muenchen 77 Nord"]
[BlackTeam "Muenchen Tarrasch"]
[WhiteTeamCountry "GER"]
[BlackTeamCountry "GER"]

1. d4 Nf6 2. c4 g6 3. Nc3 Bg7 4. e4 0-0 5. Bd3 c6 6. Nf3 a6 7. 0-0 d6 8. a4 a5 9. Re1 Na6 10. h3 Nb4 11. Bb1 Nd7 12. Ne2 Nb6 13. b3 Nd7 14. Bb2 c5 15. Qd2 cxd4 16. Nexd4 Nc5 17. Ra3 Bd7 18. Bc3 Nc6 19. Rd1 Nxd4 20. Bxd4 Bxd4 21. Nxd4 Qb6 22. Bc2 Bc6 23. Qe3 Rad8 24. h4 e5 25. Nf3 Kg7 26. Raa1 Qc7 27. Rd2 Bd7 28. Rad1 Bg4 29. Re1 Bxf3 30. Qxf3 Ne6 31. Qe3 Nd4 32. f4 Qe7 33. g3 Kh8 34. Rf1 Rde8 35. f5 gxf5 36. exf5 Qf6 37. Be4 Rg8 38. Kh2 Rg7 39. Rg2 b6 40. Kh3 h5 41. Rgg1 Rg4 42. Bd3 1/2-1/2

[Event "Regionalliga SW 0001"]
[Site "Bayern"]
[Date "2001.03.11"]
[Round "7"]
[White "Daurer, Walter"]
[Black "Tudosa, Daniel"]
[Result "0-1"]
[WhiteElo "2175"]
[BlackElo "2060"]
[PlyCount "88"]
[EventDate "2000.10.15"]
[EventType "team-tourn"]
[EventRounds "9"]
[EventCountry "GER"]
[SourceTitle "EXT 2020"]
[Source "ChessBase"]
[SourceDate "2019.10.17"]
[SourceVersion "1"]
[SourceVersionDate "2019.10.17"]
[SourceQuality "1"]
[WhiteTeam "Muenchen Tarrasch"]
[BlackTeam "Tuerkheim/Bad Woerishofen"]
[WhiteTeamCountry "GER"]
[BlackTeamCountry "GER"]

1. e4 d6 2. d4 g6 3. Nc3 Bg7 4. Be3 c6 5. Qd2 Nf6 6. f3 0-0 7. 0-0-0 Qa5 8. Kb1 Re8 9. g4 e5 10. h4 h5 11. gxh5 Nxh5 12. Bh3 Nd7 13. Bxd7 Bxd7 14. dxe5 Bxe5 15. Nge2 Be6 16. f4 Bxc3 17. Nxc3 Ng3 18. a3 Nxh1 19. Rxh1 Bg4 20. Rg1 Bh5 21. Rg5 Qd8 22. Bd4 f6 23. Rg3 Kf7 24. f5 Rg8 25. Qh6 Qf8 26. fxg6+ Bxg6 27. Qf4 Ke6 28. h5 Bh7 29. Rf3 Qf7 30. Qh6 Kd7 31. Rxf6 Qe7 32. e5 dxe5 33. Bc5 Qg7 34. Qd2+ Kc8 35. Qd6 Re8 36. Re6 Qf7 37. Rxe5 Rxe5 38. Qxe5 b6 39. Be3 Kb7 40. h6 Re8 41. Qf4 Qg6 42. Qf2 Qxc2+ 43. Qxc2 Bxc2+ 44. Kxc2 Rxe3 0-1

[Event "Landesliga Sued 9900"]
[Site "Bayern"]
[Date "2000.04.09"]
[Round "9.4"]
[White "Daurer, Walter"]
[Black "Hofmann, Juergen2222"]
[Result "1/2-1/2"]
[WhiteElo "2055"]
[BlackElo "1985"]
[PlyCount "45"]
[EventDate "1999.10.10"]
[EventType "team-tourn"]
[EventRounds "9"]
[EventCountry "GER"]
[SourceTitle "EXT 2020"]
[Source "ChessBase"]
[SourceDate "2019.10.17"]
[SourceVersion "1"]
[SourceVersionDate "2019.10.17"]
[SourceQuality "1"]
[WhiteTeam "Kriegshaber SK"]
[BlackTeam "Graefelfing SK"]
[WhiteTeamCountry "GER"]
[BlackTeamCountry "GER"]

1. e4 c5 2. Nf3 d6 3. d4 cxd4 4. Nxd4 Nf6 5. Nc3 g6 6. Be3 Bg7 7. f3 Nc6 8. Qd2 0-0 9. 0-0-0 Nxd4 10. Bxd4 Be6 11. Kb1 Qc7 12. g4 Rfc8 13. h4 Qa5 14. a3 Rab8 15. h5 b5 16. hxg6 hxg6 17. g5 Nh5 18. Bxg7 Kxg7 19. Nd5 Qxd2 20. Rxd2 Bxd5 21. Rxd5 Ng3 22. Rg1 Nxf1 23. Rxf1 1/2-1/2

[Event "Landesliga Sued 9900"]
[Site "Bayern"]
[Date "2000.03.26"]
[Round "8.4"]
[White "Reisch, Stefan"]
[Black "Daurer, Walter"]
[Result "0-1"]
[WhiteElo "2150"]
[BlackElo "2055"]
[PlyCount "44"]
[EventDate "1999.10.10"]
[EventType "team-tourn"]
[EventRounds "9"]
[EventCountry "GER"]
[SourceTitle "EXT 2020"]
[Source "ChessBase"]
[SourceDate "2019.10.17"]
[SourceVersion "1"]
[SourceVersionDate "2019.10.17"]
[SourceQuality "1"]
[WhiteTeam "Haunstetten TSV"]
[BlackTeam "Kriegshaber SK"]
[WhiteTeamCountry "GER"]
[BlackTeamCountry "GER"]

1. e4 c5 2. Nf3 Nc6 3. d4 cxd4 4. Nxd4 Nf6 5. Nc3 e5 6. Ndb5 d6 7. Nd5 Nxd5 8. exd5 Nb8 9. c4 Be7 10. Be2 0-0 11. 0-0 a6 12. Nc3 f5 13. f4 Nd7 14. Kh1 Bf6 15. Qc2 g6 16. b4 exf4 17. Bxf4 Ne5 18. c5 Qe7 19. Rad1 Kg7 20. Bxe5 Bxe5 21. a4 Qh4 22. h3 Qg3 0-1

[Event "Landesliga Sued 9900"]
[Site "Bayern"]
[Date "2000.03.12"]
[Round "7.3"]
[White "Daurer, Walter"]
[Black "Zach, Andreas"]
[Result "0-1"]
[WhiteElo "2055"]
[BlackElo "2255"]
[PlyCount "78"]
[EventDate "1999.10.10"]
[EventType "team-tourn"]
[EventRounds "9"]
[EventCountry "GER"]
[SourceTitle "EXT 2020"]
[Source "ChessBase"]
[SourceDate "2019.10.17"]
[SourceVersion "1"]
[SourceVersionDate "2019.10.17"]
[SourceQuality "1"]
[WhiteTeam "Kriegshaber SK"]
[BlackTeam "Groebenzell"]
[WhiteTeamCountry "GER"]
[BlackTeamCountry "GER"]

1. e4 d6 2. d4 c6 3. c4 e5 4. Ne2 Nf6 5. Nbc3 Be7 6. f3 a6 7. Be3 0-0 8. Qd2 b5 9. b3 bxc4 10. bxc4 Qa5 11. Rb1 Nbd7 12. d5 cxd5 13. Nxd5 Bd8 14. Nec3 Nxd5 15. Nxd5 Nc5 16. Be2 Be6 17. 0-0 Qxd2 18. Bxd2 f5 19. Be3 Rc8 20. Bxc5 Rxc5 21. Rfd1 fxe4 22. fxe4 Bg5 23. Rb3 Ra5 24. a3 Bd7 25. Rdd3 Rc5 26. Rbc3 Rb8 27. Nb4 Rb6 28. Rd5 a5 29. Nc2 Rb1+ 30. Kf2 Rxd5 31. cxd5 Rc1 32. Bd3 Bd8 33. Kf3 h5 34. h3 g5 35. Kf2 Bb6+ 36. Kf3 Bc5 37. Ke2 g4 38. hxg4 Bxg4+ 39. Kd2 Rd1# 0-1